LEADER 01497nam0 22003011i 450 001 UON00398457 005 20231205104645.723 100 $a20111014d1947 |0itac50 ba 101 $ager 102 $aDE 105 $a|||| 1|||| 200 1 $aSprachliche, besonders syntaktische Untersuchung der kalvinistischen litauischen Katechismus des Malcher Pietkiewicz von 1598$fvon Ernst Fraenkel 210 $aGöttingen$cVandenhoeck & Ruprecht$d1947 215 $a140 p.$d24 cm. 606 $aCALVINISMO$xLituania$xTesti$xTraduzioni$3UONC079549$2FI 606 $aLETTERATURA LITUANA$xTESTI LITURGICI$xTRADUZIONI$3UONC079479$2FI 606 $aLINGUA LITUANA$xSTUDI GRAMMATICALI$3UONC033264$2FI 620 $aDE$dGöttingen$3UONL000324 676 $a491.92$cLINGUA LITUANA$v22 700 1$aFraenkel$bErnst$3UONV087002$0328633 702 1$aPETKEVI?IUS$bMerkelis$3UONV204643 712 $aVandenhoeck & Ruprecht$3UONV248345$4650 801 $aIT$bSOL$c20250704$gRICA 912 $aUON00398457 950 $aSIBA - SISTEMA BIBLIOTECARIO DI ATENEO$dSI FL 11 0111 $eSI EO 6765 5 0111 $sBuono 950 $aSIBA - SISTEMA BIBLIOTECARIO DI ATENEO$dSI FL 11 0114 $eSI MR 45506 5 0114 $sProva 996 $aSprachliche, besonders syntaktische Untersuchung der kalvinistischen litauischen Katechismus des Malcher Pietkiewicz von 1598$91348038 997 $aUNIOR